00461nam a2200145 i 4500001000300000100001800003245009300021260002200114630001200136040000800148041000800156080001200164008004100176856009800217bg1 aDAY, A. Colin 0aFortran technigues with special reference to non-numerical applications /cA. Colin Day. aCambridge,c1972.09aFortran cBPK apol a519.682 s pl f |000 0 pol  uhttp://koha.tu.koszalin.pl/cgi-bin/koha/opac-detail.pl?biblionumber=15667yKatalog online BPK